000 00390cam a22001217a 4500
008 180718b1989 xxu||||| |||| 00| 0 eng d
082 _aA81x54 In2/81/9/Pt10B
100 _aCensus of India 1981
245 _aKerala: town survey report, Guruvayur
260 _aDelhi
_bThe Controller of Publications
_c1989
300 _a308+p.
440 _aCensus of India 1981. Series-10, Karnataka. Part-X B
999 _c482868
_d482868